000 00963nam a2200229Ia 4500
001 L808-32477
003 IT-CnALBA
008 170116s9999||||xx |||||||||||||| ||und||
040 _aIT-CnALBA
_cIT-CnALBA
041 _aITALIANO
100 _aVISENTINI OLGA
245 0 _aIN CERCA DI ROSE. ROMANZO.
250 _a1a ed.
260 _aROMA
_bSALES EDITRICE UN. DON. AZ. CATT. ROMA
_c1940 [1° Ed.:1940 - Ed.Ling.Originale: 1940]
300 _a125 p.
500 _aRACCONTI DI AVVENTURE PER RAGAZZI. ILLUSTRAZIONI DI E. BARDZKI. IL PRINCIPE INCONTENTABILE. IL CIUCHINO GRIGIO. L'ASINO D'ORO.
501 _aSocietà San Paolo EM - Piazza San Paolo, 14 - 12051 ALBA (CN) (non commercial uses only) ® Copyright 2017
520 _aRACCONTI DI AVVENTURE PER RAGAZZI. ILLUSTRAZIONI DI E. BARDZKI. IL PRINCIPE INCONTENTABILE. IL CIUCHINO GRIGIO. L'ASINO D'ORO.
650 _aNARRATIVA DI VARIE LETTERATURE - ROMANZI
942 _cBK
957 _71
999 _a37246
_bSI
_g Copie: 1
_c291310
_d291310